[Event "Amber-rapid 20th"]
[Site "Monte Carlo"]
[Date "2011.03.20"]
[Round "8"]
[White "Ivanchuk, Vassily"]
[Black "Gelfand, Boris"]
[Result "1-0"]
[WhiteElo "2779"]
[BlackElo "2733"]
[Annotator "Moradiabadi,E"]
[PlyCount "67"]
[EventDate "2011.03.12"]
[EventType "tourn (rapid)"]
[EventRounds "11"]
[EventCountry "MNC"]
[EventCategory "21"]
[SourceTitle "CBM 142"]
[Source "ChessBase"]
[SourceDate "2011.05.17"]
[SourceVersion "1"]
[SourceVersionDate "2011.05.17"]
[SourceQuality "1"]

1. e4 e5 2. Nf3 Nf6 3. Nxe5 d6 4. Nf3 Nxe4 5. d4 {Ivanchuk deviates from his
previous choice against Gelfand, which had produced a spectacular win for him
in the previous edition of very same event!} (5. Nc3 Nxc3 6. dxc3 Be7 7. Be3
O-O 8. Qd2 Nd7 9. O-O-O Re8 10. h4 c6 11. Kb1 Qa5 12. h5 h6 13. Bd3 Bf8 14. g4
Nf6 15. g5 Be6 16. a3 Ng4 17. gxh6 Qd5 18. Qe2 Qa2+ 19. Kc1 Qa1+ 20. Kd2 Qxb2
21. Rdg1 Bd7 22. Rxg4 Bxg4 23. Ng5 Be6 24. Bd4 Qa2 25. Rg1 c5 26. Bh7+ Kh8 27.
hxg7+ Bxg7 28. Nxf7+ Bxf7 29. Bxg7+ Kxh7 30. Qd3+ Kg8 31. Bf6+ Kf8 32. Qxd6+ {
1-0 Ivanchuk,V (2748)-Gelfand,B (2750)/Nice 2010/CBM 135 Extra}) 5... d5 6. Bd3
Be7 7. O-O Nc6 8. c4 {The most critical choice. Other options are less
impressive nowadays. For instance} (8. Re1 Bg4 9. c4 Nf6 10. Nc3 Bxf3 11. Qxf3
Nxd4 12. Qd1 dxc4 $1 13. Bxc4 c5 14. Qa4+ Qd7 15. Qxd7+ Kxd7 16. Be3 Rhd8 17.
Bxd4 cxd4 18. Bb5+ Kd6 19. Rad1 Bf8 20. Rxd4+ Kc7 21. Red1 Bc5 22. Rxd8 Rxd8
23. Rxd8 Kxd8 24. Bc4 Ke7 25. Nd5+ Nxd5 26. Bxd5 b6 27. a4 a5 28. Kf1 h6 29.
Ke2 Kf6 30. b3 Ke7 {1/2-1/2 Kulaots,K (2577)-Fridman,D (2655)/Caleta 2011/
CB05_2011}) 8... Nb4 9. Be2 O-O 10. Nc3 Bf5 11. a3 Nxc3 12. bxc3 Nc6 13. Re1
Re8 14. cxd5 Qxd5 15. Bf4 Rac8 16. g3 {Not a novelty but a rare choice. The
idea is to keep the bishop protected before going for further activity with c4.
} (16. c4 Qe4 17. Be3 {is what has been examined several times before.and does
not seem to offer so much to White since it has lost its popularity}) (16. h3
Be4 (16... h6 $5 {is the move which seems appealing to me. Black is solid
enough after this move. Although I have nothing against Kramnik's choice, I
find this move a simpler way for Black to achieve complete equality.} 17. Nd2 (
17. Qa4 Bd7 18. Rab1 a6 19. Nd2 Na5 20. Qc2 Qf5 21. Qxf5 Bxf5 22. Bg4 Bxg4 23.
hxg4 Bd6 24. Rxe8+ Rxe8 25. Bxd6 cxd6 26. Kf1 d5 27. a4 Re6 28. Rb4 Rc6 29. Nb3
Nxb3 30. Rxb3 b6 31. Ke2 Kf8 32. Kd3 Ke7 33. f3 Kd7 34. Rb1 Kc7 35. a5 bxa5 36.
Ra1 Kb6 37. Rb1+ Kc7 38. Ra1 Kb6 39. Rb1+ {1/2-1/2 Quesada Perez,Y (2614)-Bu
Xiangzhi (2695)/Khanty Mansiysk 2010/CBM 139}) 17... Na5 18. Bf3 Qd7 19. Nb3
Nxb3 20. Qxb3 b6 21. g4 Bg6 22. Bb7 Rb8 23. Qd5 Qxd5 24. Bxd5 Bd6 25. Bxd6 cxd6
26. f4 Bd3 27. Bc6 Rec8 28. d5 Kf8 29. a4 Ba6 30. a5 b5 31. Rab1 Bb7 32. Rxb5
Bxc6 33. Rxb8 Rxb8 34. dxc6 Rc8 35. Rb1 Rxc6 36. Rb8+ Ke7 37. Rb7+ Kf6 38. Rxa7
Rxc3 39. Kg2 {1/2-1/2 Shirov,A (2749)-So,W (2668)/Khanty Mansiysk 2010/CBM 139}
) 17. Qc1 Na5 18. Qe3 Bf8 19. c4 Qd8 20. Ne5 Bf5 21. Qc3 b6 22. Rad1 Qf6 23.
Qg3 Nc6 24. Ng4 Qg6 25. d5 Na5 26. Bxc7 Bc2 27. Rc1 Nb3 28. Rxc2 Qxc2 29. Nh6+
Kh8 30. Nxf7+ Kg8 31. Nh6+ Kh8 32. Nf7+ Kg8 33. Nh6+ Kh8 34. Be5 Qg6 35. Bg4
Rxc4 36. Qxb3 Rxe5 37. Rxe5 Rc1+ 38. Kh2 Bd6 39. f4 Bxe5 40. fxe5 gxh6 41. Qe3
Qb1 42. d6 Rh1+ 43. Kg3 Re1 44. Qf4 Rf1 45. Bf3 {1-0 Anand,V (2790)-Kramnik,V 
(2788)/Wijk aan Zee 2010/CBM 135}) 16... Bf6 {Gelfand is following in Wang
Yue's foot-steps.} (16... b5 17. Nd2 Na5 18. Nf1 Nc4 19. Bxc4 Qxc4 20. Ne3 Qe6
21. Nxf5 Qxf5 22. Re5 Qd7 23. Qe2 Bd6 24. Qxb5 c6 25. Rxe8+ {1/2-1/2 Karjakin,
S (2720)-Smeets,J (2657)/Wijk aan Zee 2010/CBM 135}) 17. Rc1 $146 (17. Nd2 Qd7
18. Nc4 Bh3 19. Qd3 g5 20. Be3 Qd5 21. Bf1 Bxf1 22. Qxf1 Ne7 23. Rab1 Nf5 24.
a4 a6 25. Qd3 b5 26. Na3 c6 27. Nc2 Qf3 28. Qd1 Qxd1 29. Rexd1 Nd6 30. Bd2 Kg7
31. Nb4 bxa4 32. Nd3 a3 33. Rb4 Ne4 34. Ra4 c5 35. Nxc5 Nxc5 36. dxc5 Red8 37.
Rxa3 Rc6 38. Ra2 Rxc5 39. Rxa6 Rcd5 40. Ra2 Kg6 41. c4 Rd4 42. Rc2 Be7 43. Kf1
Bc5 44. Ke2 Re8+ 45. Be3 Rxd1 46. Kxd1 Bxe3 47. fxe3 Rxe3 48. c5 Kf6 49. Kd2
Ra3 50. c6 Ra8 51. Ke3 Ke5 52. Kf3 h5 53. Rc5+ Kd6 54. Rxg5 h4 55. gxh4 Kxc6
56. Rf5 Kd6 57. Rxf7 Ke6 58. Rf4 Ke7 59. Kg4 Rf8 60. Ra4 Kf6 61. h5 Kg7 62. Kg5
Rf7 63. Rf4 Rxf4 64. Kxf4 Kh6 65. h4 Kxh5 66. Kf5 Kxh4 {1/2-1/2 Gashimov,V 
(2719)-Wang Yue (2732)/Nanjing 2010/CBM 139}) 17... h6 18. c4 Qa5 $6 {18...Qd7
was more reliable, it is hard to offer White a great way to improve his
position.} (18... Qd7 19. d5 Na5 20. Bd3 (20. Bd2 b6 21. Bxa5 bxa5 22. Nd4 Bg6
23. Qd2 (23. Nc6 $2 Bb2 {[%csl Gb2,Rc1,Gg6]}) 23... c6 $1 {[%csl Yd4,Gf6,Gg6]})
20... Bg4 {[%csl Rf3] is a continuation which could reveal the drawback of g3.
As a result of the hanging knight on f3, White can hardly make progress.} 21.
Bd2 b6 {and an opposite coloured bishop ending is all that White can get.}) 19.
d5 Ne5 20. Bxe5 Bxe5 21. Bd3 Bg4 (21... Bxd3 22. Nxe5 Bh7 23. Qb3 Qb6 24. Qc3
Qd6 25. Rcd1 {[%cal Gc4c5]} Qc5 26. Re2 f6 {does not seem like much of a
trouble either.}) 22. Re4 $5 {Ivanchuk prepares an exchange sacrifice; it is
not clear whether it would work out or not.} Bxf3 {Gelfand should have
accepted the challenge.} (22... f5 $1 23. Rxg4 fxg4 24. Nxe5 (24. Nh4 $6 Qxa3
25. Rb1 (25. Bf5 $2 Rcd8 26. Rb1 Bf6 27. Qxg4 (27. Ng6 $4 Qf3 $19) 27... Bxh4
28. Qxh4 Qf3 29. Be6+ Kh8) 25... Bf6 26. Ng6 {[%cal Gg6f4,Gf4e6]} Rcd8 27. Rxb7
Qc3 $17 {[%csl Re1][%cal Ge8e1]}) 24... Rxe5 25. Qxg4 Rf8 26. Qd4 (26. Kg2 $4
Qd2 $19) 26... Qb6 $1 27. c5 Qf6 28. Bf1 Re7 29. Qd2 $44) 23. Qxf3 Bb2 $2 {
But this one seems like a mistake.} (23... Re7 24. Rb1 (24. Rce1 Rce8 25. R4e2
g6) 24... b6 25. h4 Rce8 26. h5 Kf8 27. Qf5 Bf6 28. Rxe7 Bxe7 29. Qh7 Bf6 {
[%csl Ga5][%cal Ra5e1]} 30. c5 Re1+ (30... bxc5 $4 31. d6 $1 cxd6 32. Rb7 {
and mate is inevitable}) 31. Rxe1 Qxe1+ 32. Kg2 bxc5 $11) 24. Rb1 {Now White
has a reliable advantage thanks to his attack on Black's king and to there
being opposite coloured bishops.} Qxa3 25. c5 Kf8 $2 {The final blunder which
loses instantly.} (25... Rcd8 26. Qe2 Rxe4 27. Qxe4 Kf8 28. d6 $1 $40) 26. d6
$1 {The game is over now.} cxd6 27. cxd6 Rxe4 28. Qxe4 Bf6 29. Qh7 $2 (29. Qd5
$1 {[%csl Rf7]} b5 (29... Rc1+ 30. Kg2 Rxb1 31. Bc4 {leads to mate}) 30. Bxb5
$18) 29... g6 30. Bxg6 fxg6 31. Rxb7 Qa1+ $4 {The last final dramatic mistake!
The check on c1 would have saved Gelfand.} (31... Qc1+ 32. Kg2 Qc6+ 33. Kh3 Qe8
34. Qxh6+ Kg8 {and White cannot progress. He had to concede the draw.}) 32. Kg2
Bg7 33. Qxg6 Qf6 34. Rxg7 (34. Rxg7 Qxg7 35. Qf5+ {[%csl Rc8]}) 1-0

[Event "Bazna Kings 5th"]
[Site "Medias"]
[Date "2011.06.21"]
[Round "10"]
[White "Ivanchuk, Vassily"]
[Black "Nakamura, Hikaru"]
[Result "1-0"]
[WhiteElo "2776"]
[BlackElo "2774"]
[Annotator "Rogozenco,D"]
[PlyCount "119"]
[EventDate "2011.06.11"]
[EventType "tourn"]
[EventRounds "10"]
[EventCountry "ROU"]
[EventCategory "21"]
[SourceTitle "CBM 143"]
[Source "ChessBase"]
[SourceDate "2011.07.15"]
[SourceVersion "1"]
[SourceVersionDate "2011.07.15"]
[SourceQuality "1"]

1. d4 d5 2. c4 c6 3. cxd5 cxd5 4. Nc3 Nf6 5. Nf3 Nc6 6. Bf4 Bf5 7. Qb3 $5 ({
The main line goes} 7. e3 e6 {and here after} 8. Qb3 {Black's best answer is}
Bb4) 7... Qb6 (7... Na5 {is preferable:} 8. Qa4+ Bd7 9. Qc2 e6) 8. Qxb6 axb6 9.
e3 e6 10. a3 Be7 11. Be2 {Why does the bishop go to e2 instead of b5? First of
all because White keeps the square b5 vacated for the knight; and secondly
from e2 the bishop indirectly fights against Black's idea of Nf6-h5 (see the
comments on Black's 14th move below).} O-O 12. O-O Rfc8 13. Rfc1 {[%csl Rb5,
Gb6,Gb7] The main drawback of doubled pawns is their lack of flexibility.
Furthermore, here White has also complete control over the b5-square. And
finally, the isolated doubled pawns can easily become a target later on. All
this gives White hopes to play for advantage.} Nh5 14. Bg5 $1 Bxg5 ({After} 
14... f6 {White plays} 15. Nh4 $1 {attacking the knight on h5. If then} fxg5
16. Nxf5 exf5 17. Bxh5 g4 {with the idea to catch the bishop, White takes the
pawn} 18. Nxd5 Rd8 (18... Bd8 19. Be8 $1) 19. Nxe7+ Nxe7 20. Rc7 Kf8 21. h3 g6
22. hxg4 gxh5 23. gxf5 {and Black is struggling to survive.}) 15. Nxg5 Nf6 16.
Nf3 Bg4 17. Nb5 Bxf3 18. Bxf3 Rd8 19. Kf1 Kf8 20. Rc3 Ke7 21. Rac1 Rdc8 22. Ke1
Kd7 23. h3 h5 $6 (23... h6) 24. h4 $1 {This is very tricky from Ivanchuk: to
play h3 followed immediately by h4. Now the black pawns are blockaded on the
light squares, which can be a problem in different kind of endgames.} g6 25. g3
Ra5 26. Be2 Ne8 27. Rb3 $1 Rd8 (27... Nxd4 {doesn't work:} 28. Rxc8 Nxb3 29.
Rc3 Na1 (29... Nc5 30. b4) 30. b4 {and sooner or later the knight will die on
a1.}) 28. f3 Nf6 29. Nc3 Kc7 30. Na2 Ng8 {According to Ivanchuk this is a bad
mistake.} (30... Rc8 31. Nb4 Nd7 {was called for, keeping the e5-square under
control.}) 31. Nb4 Nge7 32. Nd3 Raa8 33. Ne5 Rf8 ({After} 33... f6 34. Nd3 {
followed by Nf4 at some point (and eventually Bf1-h3) Black will have problems
with the pawn e6.}) 34. Bd3 f5 {After this move White is strategically winning.
Black has too many pawn weaknesses (b6, e6 and g6).} 35. Bb5 Rac8 36. Kf2 (36.
Rbc3 Kd6) 36... Rg8 37. Ba4 Rgf8 38. Rc2 Rfd8 (38... Rg8 {loses by force:} 39.
Rbc3 Kd6 40. Nf7+ Kd7 41. Rb3 Kc7 42. Ng5 {and Black is unable to protect the
e6-pawn.}) 39. Rbc3 Rd6 40. b4 Kb8 41. Bxc6 bxc6 42. b5 {The game is over.
Black is losing a pawn and remains with a lot of other weaknesses.} Kb7 43.
bxc6+ Kc7 44. a4 Rdd8 45. Rb2 Ra8 46. Rcb3 Nc8 47. Ra2 Rg8 48. a5 b5 49. Rxb5
Nd6 50. Rb4 Ra6 51. Kg2 g5 52. hxg5 Rxg5 53. Kh3 Rg8 54. Kh4 Rh8 55. Rab2 Ra7
56. Rb6 Rha8 57. Kxh5 Rg8 58. a6 Rga8 59. Rb7+ Nxb7 60. axb7 1-0

[Event "GRE-chT 39th"]
[Site "Eretria"]
[Date "2011.07.08"]
[Round "7.1"]
[White "Rapport, Richard"]
[Black "Ivanchuk, Vassily"]
[Result "0-1"]
[WhiteElo "2545"]
[BlackElo "2768"]
[PlyCount "74"]
[EventDate "2011.07.03"]
[EventType "team-swiss"]
[EventRounds "7"]
[EventCountry "GRE"]
[SourceTitle "CBM 143 Extra"]
[Source "ChessBase"]
[SourceDate "2011.08.29"]
[SourceVersion "1"]
[SourceVersionDate "2011.08.29"]
[SourceQuality "1"]
[WhiteTeam "Panionios"]
[BlackTeam "Peristeriou"]
[WhiteTeamCountry "GRE"]
[BlackTeamCountry "GRE"]

1. d4 Nf6 2. c4 e6 3. Nc3 Bb4 4. e3 c5 5. Nge2 cxd4 6. exd4 d5 7. a3 Be7 8. Nf4
dxc4 9. Bxc4 O-O 10. O-O Nc6 11. Be3 Bd6 12. Nh5 Nd5 13. Bd3 Nxe3 14. fxe3 f5
15. Ng3 Kh8 16. Bc2 Qh4 17. Qf3 Bd7 18. Nce2 Rae8 19. Rad1 Na5 20. Bd3 Ba4 21.
Rde1 Bd7 22. Rc1 Nc6 23. Bb1 e5 24. Nxf5 Bxf5 25. Bxf5 exd4 26. Qh3 Qxh3 27.
Bxh3 Rxe3 28. Rxf8+ Bxf8 29. Nf4 Bd6 30. Nd5 Rb3 31. Bc8 d3 32. Rd1 Ne5 33. Nf4
g5 34. Ne6 h6 35. h4 gxh4 36. Nf4 Bc5+ 37. Kh2 Be3 0-1

[Event "WchT 8th"]
[Site "Ningbo"]
[Date "2011.07.19"]
[Round "3.1"]
[White "Harikrishna, Pentala"]
[Black "Ivanchuk, Vassily"]
[Result "1/2-1/2"]
[WhiteElo "2669"]
[BlackElo "2768"]
[Annotator "Marin,M"]
[PlyCount "86"]
[EventDate "2011.07.17"]
[EventType "team-tourn"]
[EventRounds "9"]
[EventCountry "CHN"]
[SourceTitle "CBM 144"]
[Source "ChessBase"]
[SourceDate "2011.09.16"]
[SourceVersion "1"]
[SourceVersionDate "2011.09.16"]
[SourceQuality "1"]
[WhiteTeam "India"]
[BlackTeam "Ukraine"]
[WhiteTeamCountry "IND"]
[BlackTeamCountry "UKR"]

1. d4 g6 2. Nf3 Bg7 3. e4 d6 4. Nc3 Nf6 5. Be2 O-O 6. O-O c6 7. a4 Qc7 $5 ({
Starting with 1996, I had a lot of games with Black in this line. I always
thought that the game move at best transposes to} 7... Nbd7 {, which I played
exclusively. This is the first time that I has realised that there is some
point behind delaying the knight's development.}) 8. Be3 e5 9. dxe5 {First of
all, it seems that it is not simple for White to maintain the tension.} (9. Nd2
$6 Ng4 $1 10. Bxg4 Bxg4 11. Qxg4 exd4 12. Bxd4 Bxd4 13. Ra3 Nd7 14. Nd1 Rae8
15. Rh3 h5 16. Qg3 Nf6 17. Qd3 Bb6 18. Ne3 Re6 $15 {Gurgenidze,B (2370)
-Chiburdanidze,M (2485)/Tbilisi 1991/CBM 024 (0-1, 25)}) (9. h3 $6 exd4 $1 10.
Nxd4 (10. Bxd4 {maintains some flexibility, but the bishop is exposed in the
centre.} Re8 11. Nd2 Nbd7 12. Re1 b6 13. f3 Bb7 14. Nf1 Rad8 15. Qd2 Nc5 16.
Bc4 Ne6 17. Bf2 d5 18. exd5 cxd5 19. Bd3 Nh5 20. Nb5 Qb8 21. c3 Nhf4 $15 {
Koopman,H-Van Wijgerden,C (2435)/Wijk aan Zee 1984/EXT 2003 (0-1, 50)}) 10...
Re8 {There are some problems with defending the central pawn.} 11. Bf3 ({
Apart from weakening g3,} 11. f3 {allows} d5 $1 $132 12. Bd3 $6 Bxh3 $1 13.
gxh3 Qg3+ 14. Kh1 Qxh3+ 15. Kg1 Qg3+ 16. Kh1 Re5 $19 {Gislason,G-Waagmeester,W/
EU-ch M corr 1997/Corr 2000 (0-1, 18)}) (11. Bd3 Nbd7 12. f4 a6 13. Nde2 c5 14.
Ng3 d5 15. e5 d4 $17 {Wright-Botterill,G/Hastings 1970 (0-1, 21)}) 11... Nbd7
12. Re1 a5 (12... Ne5 13. Be2 b6 14. f4 Ned7 15. Bf3 Bb7 16. a5 a6 17. axb6
Nxb6 18. Bf2 c5 19. Nb3 Nc4 20. Ra2 Nd7 $132 {Novikov,I (2465)-Eingorn,V (2530)
/Kharkov 1985/MCL (1/2, 24). The strong pressure against e4 and the whole
queenside compensates for the slightly weakened structure.}) 13. Qd2 Nc5 14.
Bf4 Nfd7 15. Rad1 Ne5 16. Be2 Qb6 17. b3 Qb4 18. Kh1 $6 Ned3 $1 19. Bxd3 Bxd4
20. Na2 Qxd2 21. Rxd2 d5 $15 {Kostro,J-Smyslov,V/Polanica Zdroj 1968/EXT 99 
(0-1, 41)}) (9. Re1 Ng4 {was played in a few irrelevant games. The critical
continuation is} 10. Bg5 $146 exd4 11. Nxd4 Qb6 12. Bxg4 Bxd4 13. Be3 Bxe3 14.
Rxe3 {Black needs to neutralise White's kingside initiative in order to take
advantage of his small queenside achievements.} Bxg4 (14... Na6 15. Be2 $1 $14)
15. Qxg4 Na6 16. Rh3 (16. Rb1 $5 Nb4 17. Rh3) 16... Rae8 (16... Qxb2 17. Rb1
Qxc2 18. Qh4 h5 19. g4 Qd2 20. gxh5 Qh6 21. Rxb7 Nc5 22. Re7 $14) 17. Qf4 f5
18. Qxd6 (18. Qh4 Qc7 19. Rd1 Re6 $11) 18... fxe4 19. Qd2 Nc5 $132 {The
e4-pawn is not necessarily weak and Black is well coordinated.}) 9... dxe5 10.
a5 {A typical move for the classical system, aimed at freezing Black's
queenside.} (10. Nd2 Rd8 11. h3 (11. Qc1 Ng4 12. Bxg4 Bxg4 13. a5 Nd7 14. Nb3
Bf8 15. Na4 Be2 16. Re1 Bc4 17. Nbc5 Nxc5 18. Nxc5 f6 19. b3 Bf7 $11 {Williams,
A (2390)-Evans,L (2540)/Haifa 1976/EXT 2000 (0-1, 33)}) (11. Qe1 Ng4 12. Bc5 {
1/2 (33) Romanov,E (2588)-Kurnosov,I (2669)/St Petersburg 2009/CBM 132 Extra}
b6 13. Ba3 Nf6 14. Bc4 c5 15. Nd5 Nxd5 16. Bxd5 Bb7 17. c4 Nc6 $11) 11... Nbd7
12. Qe1 Nf8 {/\...Ne6} 13. f4 $5 Ne6 14. f5 (14. fxe5 Nd7) 14... Nf4 15. Bxf4
exf4 16. Bd3 Nh5 $17 {Sax,G-Poutiainen,P/Teeside 1974/EXT 99 (0-1, 56)}) 10...
Bg4 $5 {Once again, we notice the usefulness of leaving the c8-g4 diagonal
open. Black aims for a natural development and starts fighting for the central
dark squares.} (10... Nh5 11. g3 (11. Bc4 Nf4 12. Qb1 Bg4 13. Nd2 Qe7 14. f3
Be6 15. Kh1 Nd7 16. b4 Rfb8 17. Na4 b5 $11 {Wedberg,T (2510)-Gurevich,D (2480)
New York 1989 (0-1, 40)}) 11... Bf6 12. Nd2 Ng7 13. Nc4 Na6 14. Qd6 Ne6 15. Na4
Rd8 16. Qxc7 Naxc7 17. c3 Nb5 18. Rfd1 Rxd1+ 19. Rxd1 Kf8 20. b4 Ke8 21. Rc1
Bg7 22. Nab2 f6 23. Nd3 Bf8 24. f4 $14 {Langeweg,K-Donner,J Amsterdam 1969 
(0-1, 63)}) (10... Ng4 11. Bd2 (11. Bc5 Rd8 12. Qc1 Bh6 13. Qb1 Nd7 14. Be7 Re8
15. Bg5 Bg7 16. h3 Ngf6 17. Be3 Nf8 18. Rd1 Nh5 19. Bc5 $14 {Quinteros,M (2495)
-Donner,J (2495) Wijk aan Zee 1974 (1/2, 32)}) 11... Rd8 12. Qc1 Qe7 13. Bg5 f6
14. Bd2 Qf8 15. Bc4+ Kh8 16. h3 Nh6 17. Be3 Nd7 18. Rd1 Re8 19. Qd2 $14 {
Tringov,G-Keene,R Rovinj/Zagreb 1975 (1-0, 35)}) (10... Nbd7 11. h3 {
transposes back to the main lines with 7...Nbd7.}) 11. Bc4 $5 $146 {Aiming for
an active display of the queen and bishop.} (11. h3 Rd8 $1 $146 (11... Bxf3 12.
Bxf3 Nbd7 13. Qd3 Rfd8 14. Qc4 Nf8 15. Nd5 Qd7 16. Nb4 a6 17. Nd3 $16 {Harandi,
K (2380)-Ludgate,A (2255)/Haifa 1976/EXT 2000 (1/2, 45)}) 12. Bd3 (12. Qb1 Bxf3
13. Bxf3 Na6 14. Qa2 Bf8 $11) 12... Bxf3 13. Qxf3 Nbd7 14. Rfd1 b5 $5 $132)
11... Rd8 12. Qe2 Qe7 $5 {Taking the f8-a3 diagonal under control.} 13. h3 Bxf3
14. Qxf3 Nbd7 15. Nb1 $5 {White anticipates a black knight transfer to d4, by
preparing c2-c3. However, this plan is too slow to offer anything special.} (
15. Rfd1 b5 $132) 15... b5 $11 16. axb6 axb6 17. Rxa8 Rxa8 18. c3 b5 19. Bd3
Qf8 {[%cal Gg7h6]} (19... Nc5 20. Bc2 Ne6 21. Na3 Ne8 22. Bb3 N8c7 $11) 20. Bg5
(20. b4 Bh6 $11) 20... h6 21. Bc1 h5 22. Nd2 (22. Bg5 Nh7 23. Be3 Bh6 $15)
22... Bh6 23. b4 Kg7 24. Qe2 Ra2 25. Bb1 Ra8 26. Bc2 c5 $5 {Black gets some
symbolic advantage after this liquidation of the queenside.} (26... Qe7 $11)
27. Qxb5 cxb4 28. cxb4 $6 ({White would be out of any trouble after} 28. Qxb4
Qxb4 29. cxb4 Rb8 $11) 28... Rb8 29. Qc4 Rxb4 30. Qc3 Qc5 31. Qxc5 Nxc5 $36 32.
Nf3 (32. f3 Be3+ 33. Kh1 h4 $15) 32... Bxc1 33. Rxc1 Nfd7 34. Rd1 Kf6 35. Rd5
Rc4 36. Bd3 Rc1+ 37. Kh2 Rd1 (37... Kg7 $5 $15 {seems to lead by force to a
knight ending with a pawn up, drawn in principle, but with practical chances
for Black.} 38. Ng1 (38. Be2 Nf6 39. Rxe5 Nfxe4) 38... Rd1 (38... Nf6 39. Ne2
$1) 39. Bc4 Rxd5 40. Bxd5 Nf6 41. Nf3 (41. f3 Nxd5 42. exd5 Kf6 43. Ne2 Nd3 44.
Kg3 Ke7 45. f4 Kd6 46. fxe5+ Kxe5 47. Nc3 Nb4) 41... Ncxe4 42. Bxe4 Nxe4 43.
Nxe5 Nxf2) 38. Bc4 $11 Rxd5 39. Bxd5 Nb6 40. Bc6 Ke6 41. g3 Kd6 42. Be8 Ke7 43.
Bc6 Kd6 1/2-1/2